00760 a2200181 45000010006000000050017000060080041000230030015000640400040000790800056001192450049001750200018002242640044002423000018002865050226003041000020005307000028005505435020260407155815.0260407a1986 arg spa dAR-UNSa-BCEJYS aAR-UNSa-BCEJYSbspacAR-UNSa-BCEJYS a347.4xObligaciones. Contratos. Acuerdos. Convenios10aEl contrato internacional de "joint venture" a950-14-0098-0 1aBuenos Aires :bEdiciones Depalmac1986 a86 p.c23 cm. a1. Los acuerdos de “joint venture “en el programa de inversiones externas – 2. Los tipos de “joint ventures” – 3. Los elementos generalmente recurrentes en los contratos internacionales de “joint venture” 1 aAstolfi, Andrea1 aMoglia Claps, Guillermo